LEADER 02154nam0 22004333i 450 001 VAN0191312 005 20230613102654.821 017 70$2N$a9783319442754 100 $a20210723d2017 |0itac50 ba 101 $aeng 102 $aCH 105 $a|||| ||||| 200 1 $aQuantum-Dot-Based Semiconductor Optical Amplifiers for O-Band Optical Communication$eDoctoral Thesis accepted by the Technical University of Berlin, Germany$fHolger Schmeckebier 210 $aCham$cSpringer$d2017 215 $axxiii, 190 p.$cill.$d24 cm 410 1$1001VAN0104193$12001 $aSpringer theses$erecognizing outstanding Ph.D. research$1210 $aBerlin$cSpringer$d2010- 500 1$3VAN0191314$aQuantum-Dot-Based Semiconductor Optical Amplifiers for O-Band Optical Communication$92275357 606 $a00A79 (77-XX)$xPhysics [MSC 2020]$3VANC023182$2MF 606 $a78A10$xPhysical optics [MSC 2020]$3VANC023550$2MF 606 $a78A60$xLasers, masers, optical bistability, nonlinear optics [MSC 2020]$3VANC029030$2MF 610 $aDifferential Quadrature Phase Shift Keying DQPSK$9KW:K 610 $aFour-Wave Mixing$9KW:K 610 $aOn-Off Keying$9KW:K 610 $aPump-Probe Measurement$9KW:K 610 $aQuantum Dot Optical Amplifier$9KW:K 610 $aSemiconductor Optical Amplifier$9KW:K 610 $aSignal Generation and Processing$9KW:K 610 $aWavelength Conversion$9KW:K 620 $aCH$dCham$3VANL001889 700 1$aSchmeckebier$bHolger$3VANV169772$0823871 712 $aSpringer $3VANV108073$4650 801 $aIT$bSOL$c20240614$gRICA 856 4 $uhttp://doi.org/10.1007/978-3-319-44275-4$zE-book ? Accesso al full-text attraverso riconoscimento IP di Ateneo, proxy e/o Shibboleth 899 $aBIBLIOTECA DEL DIPARTIMENTO DI MATEMATICA E FISICA$1IT-CE0120$2VAN08 912 $fN 912 $aVAN0191312 950 $aBIBLIOTECA DEL DIPARTIMENTO DI MATEMATICA E FISICA$d08CONS e-book 3250 $e08eMF3250 20210723 996 $aQuantum-Dot-Based Semiconductor Optical Amplifiers for O-Band Optical Communication$92275357 997 $aUNICAMPANIA LEADER 02408nam0 22004693i 450 001 VAN00276177 005 20240806101544.457 017 70$2N$a9783030930158 100 $a20240522d2022 |0itac50 ba 101 $aeng 102 $aCH 105 $a|||| ||||| 200 1 $aControl Problems for Conservation Laws with Traffic Applications$eModeling, Analysis, and Numerical Methods$fAlexandre Bayen ... [et al.] 210 $aCham$cBirkhäuser$cSpringer$d2022 215 $axvii, 227 p.$cill.$d24 cm 410 1$1001VAN00115370$12001 $aPNLDE Subseries in Control$1210 $aBasel [etc.]$cBirkhäuser$d2016-$v99 606 $a35L65$xHyperbolic conservation laws [MSC 2020]$3VANC023082$2MF 606 $a35Q93$xPDEs in connection with control and optimization [MSC 2020]$3VANC024723$2MF 606 $a49J20$xExistence theories for optimal control problems involving partial differential equations [MSC 2020]$3VANC021643$2MF 606 $a60K30$xApplications of queueing theory (congestion, allocation, storage, traffic, etc.) [MSC 2020]$3VANC024601$2MF 606 $a90B20$xTraffic problems in operations research [MSC 2020]$3VANC029018$2MF 606 $a93B05$xControllability [MSC 2020]$3VANC022780$2MF 606 $a93B52$xFeedback control [MSC 2020]$3VANC030767$2MF 610 $aConservation Laws on Networks$9KW:K 610 $aControl Problems Conservation Laws$9KW:K 610 $aHamilton-Jacobi Equations$9KW:K 610 $aHyperbolic conservation laws$9KW:K 610 $aLighthill-Whitham-Richard Model$9KW:K 610 $aTopological Graphs$9KW:K 610 $aVehicular Traffic Modeling$9KW:K 620 $aCH$dCham$3VANL001889 702 1$aBayen$bAlexandre$3VANV228882 712 $aBirkhäuser $3VANV108193$4650 712 $aSpringer $3VANV108073$4650 801 $aIT$bSOL$c20241115$gRICA 856 4 $uhttps://doi.org/10.1007/978-3-030-93015-8$zE-book ? Accesso al full-text attraverso riconoscimento IP di Ateneo, proxy e/o Shibboleth 899 $aBIBLIOTECA DEL DIPARTIMENTO DI MATEMATICA E FISICA$1IT-CE0120$2VAN08 912 $fN 912 $aVAN00276177 950 $aBIBLIOTECA DEL DIPARTIMENTO DI MATEMATICA E FISICA$d08DLOAD e-Book 8581 $e08eMF8581 20240604 996 $aControl Problems for Conservation Laws with Traffic Applications$94160958 997 $aUNICAMPANIA